<?xml version="1.0" encoding="UTF-8"?><?xml-stylesheet type="text/xsl" href="static/style.xsl"?><OAI-PMH xmlns="http://www.openarchives.org/OAI/2.0/" xmlns:xsi="http://www.w3.org/2001/XMLSchema-instance" xsi:schemaLocation="http://www.openarchives.org/OAI/2.0/ http://www.openarchives.org/OAI/2.0/OAI-PMH.xsd"><responseDate>2026-06-29T02:50:59Z</responseDate><request verb="GetRecord" identifier="oai:docta.ucm.es:20.500.14352/119959" metadataPrefix="marc">https://docta.ucm.es/rest/oai/request</request><GetRecord><record><header><identifier>oai:docta.ucm.es:20.500.14352/119959</identifier><datestamp>2025-05-10T00:04:46Z</datestamp><setSpec>com_20.500.14352_1</setSpec><setSpec>col_20.500.14352_5</setSpec></header><metadata><record xmlns="http://www.loc.gov/MARC21/slim" xmlns:dcterms="http://purl.org/dc/terms/" xmlns:xsi="http://www.w3.org/2001/XMLSchema-instance" xmlns:doc="http://www.lyncode.com/xoai" xsi:schemaLocation="http://www.loc.gov/MARC21/slim http://www.loc.gov/standards/marcxml/schema/MARC21slim.xsd">
   <leader>00925njm 22002777a 4500</leader>
   <datafield ind2=" " ind1=" " tag="042">
      <subfield code="a">dc</subfield>
   </datafield>
   <datafield ind2=" " ind1=" " tag="720">
      <subfield code="a">Millán Acevedo, María Natalia</subfield>
      <subfield code="e">author</subfield>
   </datafield>
   <datafield ind2=" " ind1=" " tag="720">
      <subfield code="a">Álvarez Guzmán, Farrah Geraldine</subfield>
      <subfield code="e">author</subfield>
   </datafield>
   <datafield ind2=" " ind1=" " tag="720">
      <subfield code="a">Alvariza Allende, Rafael</subfield>
      <subfield code="e">author</subfield>
   </datafield>
   <datafield ind2=" " ind1=" " tag="720">
      <subfield code="a">Calles de los Mozos, Fernando</subfield>
      <subfield code="e">author</subfield>
   </datafield>
   <datafield ind2=" " ind1=" " tag="720">
      <subfield code="a">Corisco Jiménez, Beatriz</subfield>
      <subfield code="e">author</subfield>
   </datafield>
   <datafield ind2=" " ind1=" " tag="720">
      <subfield code="a">De la Cruz Prego, Fernando</subfield>
      <subfield code="e">author</subfield>
   </datafield>
   <datafield ind2=" " ind1=" " tag="720">
      <subfield code="a">Gómez Bruna, Diana</subfield>
      <subfield code="e">author</subfield>
   </datafield>
   <datafield ind2=" " ind1=" " tag="720">
      <subfield code="a">Martínez Martínez, Ignacio</subfield>
      <subfield code="e">author</subfield>
   </datafield>
   <datafield ind2=" " ind1=" " tag="720">
      <subfield code="a">Ramos Rollón, María Luisa</subfield>
      <subfield code="e">author</subfield>
   </datafield>
   <datafield ind2=" " ind1=" " tag="720">
      <subfield code="a">Rey Cebolla, Virginia</subfield>
      <subfield code="e">author</subfield>
   </datafield>
   <datafield ind2=" " ind1=" " tag="260">
      <subfield code="c">2025-05-09</subfield>
   </datafield>
   <datafield ind2=" " ind1=" " tag="520">
      <subfield code="a">El proyecto de innovación docente titulado “Construir ciudadanía comprometida con la equidad, la democracia y la sostenibilidad: reflexiones sobre el desarrollo y la Agenda desde la perspectiva de los estudiantes universitarios”, impulsado por Natalia Millán Acevedo en la Universidad Complutense de Madrid, se enmarca en la convocatoria 2024/2025 como una propuesta transformadora orientada a formar ciudadanía crítica en el ámbito universitario.

El objetivo general del proyecto es promover una ciudadanía universitaria activa y comprometida, incorporando de forma transversal los temas de desarrollo sostenible y Agenda 2030 en distintas asignaturas de grado. A través de metodologías participativas y horizontales, se pretende fomentar el pensamiento crítico, la creatividad, el trabajo en equipo y la implicación del estudiantado en los debates contemporáneos. Entre los objetivos específicos destacan: integrar una mirada crítica y multidisciplinar sobre los ODS en la docencia; generar espacios de diálogo interdisciplinar; empoderar al alumnado con herramientas para la acción; y fortalecer la colaboración entre docentes, estudiantes y el personal técnico.

Durante el segundo semestre de 2024, el proyecto se implementó en cinco asignaturas, mediante talleres introductorios, actividades prácticas y el desarrollo de trabajos académicos creativos y rigurosos. La estructura del trabajo incluyó una presentación oral innovadora y un ensayo de 8000 palabras, con seguimiento a través de tutorías quincenales. La evaluación contempló no solo la calidad de los productos finales, sino también la participación activa y el compromiso demostrado a lo largo del proceso.

Uno de los aspectos clave fue la creación de espacios de encuentro, como la Jornada-Conversatorio “Construyendo Ciudadanía” (febrero 2025) y el evento “Reimaginar la Universidad” (abril 2025), donde estudiantes, docentes y personal universitario intercambiaron aprendizajes en torno al desarrollo sostenible. En estos espacios, los estudiantes presentaron públicamente sus trabajos, muchos de los cuales destacaron por su calidad analítica y creatividad, incluyendo enfoques ecofeministas, análisis críticos del paradigma de desarrollo y metodologías lúdicas para facilitar la apropiación de los contenidos.

La metodología empleada combina pedagogías activas, trabajo colaborativo, reflexión crítica y evaluación formativa. El profesorado asume un rol facilitador y el aula se transforma en un espacio horizontal donde el conocimiento se construye colectivamente. Esta forma de enseñanza refuerza el sentido de comunidad universitaria y sitúa a la universidad como agente de transformación ecosocial.

El proyecto ha contribuido significativamente a la implementación institucional de la Agenda 2030 en la UCM, consolidando una red de cooperación entre distintos actores universitarios. En su quinta edición, ha demostrado la viabilidad y necesidad de integrar los ODS desde enfoques críticos en la educación superior, promoviendo una formación comprometida con la justicia social, la equidad y la sostenibilidad. En suma, esta experiencia pedagógica innovadora no solo ha cumplido sus objetivos, sino que ha fortalecido procesos de cambio educativo orientados a formar ciudadanía global, consciente y transformadora.</subfield>
   </datafield>
   <datafield ind1="8" ind2=" " tag="024">
      <subfield code="a">https://hdl.handle.net/20.500.14352/119959</subfield>
   </datafield>
   <datafield ind1="8" ind2=" " tag="024">
      <subfield code="a">423</subfield>
   </datafield>
   <datafield ind2="0" ind1="0" tag="245">
      <subfield code="a">Construir ciudadanía comprometida con la equidad, la democracia y la sostenibilidad. Reflexiones sobre el Desarrollo y la Agenda desde la perspectiva de los estudiantes universitarios</subfield>
   </datafield>
</record></metadata></record></GetRecord></OAI-PMH>